ARRUPE JESUIT UNIVERSITY

CORONAVIRUS -STOP THE SPREAD - CLEAN,DISINFECT,COVER

Philosophy and contemporary issues (Record no. 26469)

MARC details
000 -LEADER
fixed length control field 00620nam a2200241Ia 4500
003 - CONTROL NUMBER IDENTIFIER
control field 0100
005 - DATE AND TIME OF LATEST TRANSACTION
control field 20170719090220.0
008 - FIXED-LENGTH DATA ELEMENTS--GENERAL INFORMATION
fixed length control field 130303s9999 xx 000 0 und d
020 ## - INTERNATIONAL STANDARD BOOK NUMBER
International Standard Book Number 0023172509 / 0023172401
040 ## - CATALOGING SOURCE
Transcribing agency ARRUPELIB
050 ## - LIBRARY OF CONGRESS CALL NUMBER
Classification number B804.A1B87 1984
300 ## - PHYSICAL DESCRIPTION
Other physical details 25 cm.
100 ## - MAIN ENTRY--PERSONAL NAME
Personal name Burr, John R
9 (RLIN) 33281
245 ## - TITLE STATEMENT
Title Philosophy and contemporary issues
250 ## - EDITION STATEMENT
Edition statement 3rd & 4th ed.
260 ## - PUBLICATION, DISTRIBUTION, ETC. (IMPRINT)
Name of publisher, distributor, etc Macmillan Publishing Company Inc
Place of publication, distribution, etc New York
Date of publication, distribution, etc 1984
300 ## - PHYSICAL DESCRIPTION
Extent 525p.
650 ## - SUBJECT ADDED ENTRY--TOPICAL TERM
Topical term or geographic name as entry element Philosophy, Modern
General subdivision Collected works
Chronological subdivision 20th century
9 (RLIN) 33282
650 ## - SUBJECT ADDED ENTRY--TOPICAL TERM
Topical term or geographic name as entry element Philosophy
General subdivision Collected works
9 (RLIN) 33283
700 ## - ADDED ENTRY--PERSONAL NAME
Personal name Goldinger, Milton
9 (RLIN) 33284
942 00 - ADDED ENTRY ELEMENTS (KOHA)
Koha issues (borrowed), all copies 3
Source of classification or shelving scheme Library of Congress Classification
Koha item type Monograph ( Printed materials)
Holdings
Withdrawn status Lost status Source of classification or shelving scheme Damaged status Not for loan Collection code Home library Current library Shelving location Date acquired Total Checkouts Full call number Barcode Date last seen Date checked out Copy number Price effective from Koha item type
    Library of Congress Classification     Main Collection ARRUPE LIBRARY ARRUPE LIBRARY   04/03/2013 3 B804.A1B87 1984 46003013212 19/12/2024 06/09/2024 1 04/03/2013 Monograph ( Printed materials)
    Library of Congress Classification     Main Collection ARRUPE LIBRARY ARRUPE LIBRARY   04/03/2013 1 B804.A1B87 1984 46003009999 13/01/2015 12/01/2015 2 04/03/2013 Monograph ( Printed materials)
    Library of Congress Classification     Main Collection ARRUPE LIBRARY ARRUPE LIBRARY   04/03/2013 1 B804.A1B87 1984 46003091463 05/03/2015 26/02/2015 3 04/03/2013 Monograph ( Printed materials)

 

Arrupe Library. PO Box MP320 Mt Pleasant, Harare, Zimbabwe
263 242 745411|librarian@aju.ac.zw